000 00619nam a2200205 a 4500
001 24107
003 CO-ViMGA
008 141112s2004 ck r 000 u spa d
020 _a9789586706582
040 _aCO-ViMGA
_bspa
_cCO-ViMGA
082 0 4 _a617.6 A741d
100 1 _aArias Rojas, Arnulfo
_935126
245 1 0 _aEl diagnostico en odontologia :
_bDe la teoria al quehacer clinico /
_cArnulfo Arias Rojas
260 _aColombia :
_bUniversidad del valle
300 _a396p.
650 1 4 _aENFERMEDADES DE LA BOCA
_935127
650 1 4 _aODONTOLOGIA
650 1 4 _aODONTOLOGIA - DIAGNOSTICO
_935128
942 _2ddc
_cBK
999 _c32160
_d32160